<?xml version="1.0" encoding="UTF-8"?><?xml-stylesheet type="text/xsl" href="static/style.xsl"?><OAI-PMH xmlns="http://www.openarchives.org/OAI/2.0/" xmlns:xsi="http://www.w3.org/2001/XMLSchema-instance" xsi:schemaLocation="http://www.openarchives.org/OAI/2.0/ http://www.openarchives.org/OAI/2.0/OAI-PMH.xsd"><responseDate>2026-04-30T05:16:13Z</responseDate><request verb="GetRecord" identifier="oai:uvadoc.uva.es:10324/4153" metadataPrefix="marc">https://uvadoc.uva.es/oai/request</request><GetRecord><record><header><identifier>oai:uvadoc.uva.es:10324/4153</identifier><datestamp>2021-06-23T16:54:39Z</datestamp><setSpec>com_10324_30605</setSpec><setSpec>com_10324_894</setSpec><setSpec>col_10324_41</setSpec></header><metadata><record xmlns="http://www.loc.gov/MARC21/slim" xmlns:doc="http://www.lyncode.com/xoai" xmlns:xsi="http://www.w3.org/2001/XMLSchema-instance" xmlns:dcterms="http://purl.org/dc/terms/" xsi:schemaLocation="http://www.loc.gov/MARC21/slim http://www.loc.gov/standards/marcxml/schema/MARC21slim.xsd">
<leader>00925njm 22002777a 4500</leader>
<datafield tag="042" ind1=" " ind2=" ">
<subfield code="a">dc</subfield>
</datafield>
<datafield tag="720" ind1=" " ind2=" ">
<subfield code="a">Pérez Román, David</subfield>
<subfield code="e">author</subfield>
</datafield>
<datafield tag="260" ind1=" " ind2=" ">
<subfield code="c">2013</subfield>
</datafield>
<datafield tag="520" ind1=" " ind2=" ">
<subfield code="a">En esta tesis se ha analizado cómo medir el consenso entre agentes que muestran sus preferencias sobre alternativas en diversos escenarios. El concepto de medida de consenso, introducido por Bosch para órdenes lineales, se ha extendido a órdenes débiles, órdenes dicotómicos y preferencias aprobatorias. Se han propuesto varias clases de medidas de consenso que tienen en cuenta las distancias entre las preferencias individuales; además, se ha desarrollado un procedimiento para que las distancias entre preferencias sean generadas por distancias entre vectores. Se han introducido distancias ponderadas sobre órdenes débiles, órdenes dicotómicos y preferencias aprobatorias que son sensibles a dónde se producen desacuerdos en la ordenación de las alternativas. Se ha llevado a cabo un estudio de las propiedades de las correspondientes medidas de consenso en los escenarios mencionados. Por otra parte se han utilizado medidas de consenso para la creación de conglomerados mediante un nuevo criterio, denominado método del consenso</subfield>
</datafield>
<datafield tag="024" ind2=" " ind1="8">
<subfield code="a">http://uvadoc.uva.es/handle/10324/4153</subfield>
</datafield>
<datafield tag="024" ind2=" " ind1="8">
<subfield code="a">b1664592</subfield>
</datafield>
<datafield tag="024" ind2=" " ind1="8">
<subfield code="a">10.35376/10324/4153</subfield>
</datafield>
<datafield ind1=" " ind2=" " tag="653">
<subfield code="a">Economía matemática|</subfield>
</datafield>
<datafield ind1=" " ind2=" " tag="653">
<subfield code="a">Decisión, Toma de (Estadística)</subfield>
</datafield>
<datafield tag="245" ind1="0" ind2="0">
<subfield code="a">Medidas de consenso en contextos preferenciales generadas por distancias</subfield>
</datafield>
</record></metadata></record></GetRecord></OAI-PMH>